Vista normal
Vista MARC
Entrada Materia (tema)
Número de registros utilizados en: 8
001 - CONTROL NUMBER
- control field: 71212
003 - CONTROL NUMBER IDENTIFIER
- control field: Co-BoUCM
005 - DATE AND TIME OF LATEST TRANSACTION
- control field: 20150901100229.0
008 - FIXED-LENGTH DATA ELEMENTS
- fixed length control field: 150901|| aca||aabn | a|a d
040 ## - CATALOGING SOURCE
- Original cataloging agency: Co-BoUCM
- Transcribing agency: Co-BoUCM
150 ## - HEADING--TOPICAL TERM
- Topical term or geographic name as entry element: Cooperación Internacional
- Geographic subdivision: Colombia
670 ## - SOURCE DATA FOUND
- Source citation: Work cat.: (Co-BoUCM)300746: Colombia. Presidencia de la República. 71211, Manual de acceso a la cooperación internacional, 204